[Event "Tata Steel Challengers"]
[Date "2026.01.17"]
[White "Roebers, Eline"]
[Black "Panesar Vedant"]
[WhiteElo "2398"]
[BlackElo "2406"]
[Round "1.1.6"]
[Result "0-1"]

d4 {[%clk 01:59:53] [%emt 00:00:07]} Nf6 {[%clk 01:59:51] [%emt 00:00:09]} c4
{[%clk 01:59:46] [%emt 00:00:06]} e6 {[%clk 01:59:41] [%emt 00:00:11]} Bf4
{[%clk 01:58:45] [%emt 00:01:01]} Bb4+ {[%clk 01:59:33] [%emt 00:00:07]} Nd2
{[%clk 01:58:39] [%emt 00:00:06]} Nh5 {[%clk 01:59:29] [%emt 00:00:05]} Be3
{[%clk 01:54:12] [%emt 00:04:27]} Be7 {[%clk 01:59:19] [%emt 00:00:10]} g4
{[%clk 01:44:27] [%emt 00:09:45]} Nf6 {[%clk 01:58:44] [%emt 00:00:35]} h3
{[%clk 01:44:23] [%emt 00:00:04]} d5 {[%clk 01:58:34] [%emt 00:00:10]} g5 {[%clk
01:42:21] [%emt 00:02:02]} Nfd7 {[%clk 01:52:12] [%emt 00:06:22]} Ngf3 {[%clk
01:41:41] [%emt 00:00:41]} dxc4 {[%clk 01:48:34] [%emt 00:03:38]} Nxc4 {[%clk
01:39:06] [%emt 00:02:35]} b5 {[%clk 01:48:24] [%emt 00:00:09]} Ncd2 {[%clk
01:37:29] [%emt 00:01:36]} Bb7 {[%clk 01:47:04] [%emt 00:01:21]} Rg1 {[%clk
01:34:59] [%emt 00:02:30]} Na6 {[%clk 01:43:23] [%emt 00:03:40]} Bf4 {[%clk
01:27:59] [%emt 00:07:00]} c5 {[%clk 01:36:52] [%emt 00:06:31]} e4 {[%clk
01:15:49] [%emt 00:12:10]} cxd4 {[%clk 01:28:50] [%emt 00:08:02]} Bxb5 {[%clk
01:14:39] [%emt 00:01:11]} O-O {[%clk 01:27:39] [%emt 00:01:11]} Qe2 {[%clk
01:13:18] [%emt 00:01:21]} Ndc5 {[%clk 01:09:59] [%emt 00:17:39]} a3 {[%clk
01:06:10] [%emt 00:07:08]} d3 {[%clk 00:48:32] [%emt 00:21:27]} Qe3 {[%clk
01:06:05] [%emt 00:00:04]} Qa5 {[%clk 00:43:57] [%emt 00:04:35]} Nd4 {[%clk
00:52:07] [%emt 00:13:59]} Nb4 {[%clk 00:31:21] [%emt 00:12:35]} Bc4 {[%clk
00:43:42] [%emt 00:08:24]} Nxe4 {[%clk 00:22:49] [%emt 00:08:34]} g6 {[%clk
00:21:40] [%emt 00:22:02]} hxg6 {[%clk 00:18:26] [%emt 00:04:23]} Rc1 {[%clk
00:20:35] [%emt 00:01:06]} e5 {[%clk 00:15:59] [%emt 00:02:27]} axb4 {[%clk
00:15:10] [%emt 00:05:24]} Bxb4 {[%clk 00:13:32] [%emt 00:02:26]} N4b3 {[%clk
00:12:42] [%emt 00:02:30]} exf4 {[%clk 00:12:51] [%emt 00:00:40]} Qxf4 {[%clk
00:11:48] [%emt 00:00:54]} Bxd2+ {[%clk 00:11:07] [%emt 00:01:44]} Qxd2 {[%clk
00:10:52] [%emt 00:00:56]} Nxd2 {[%clk 00:07:07] [%emt 00:04:00]} Nxa5 {[%clk
00:10:48] [%emt 00:00:05]} Nf3+ {[%clk 00:07:03] [%emt 00:00:04]} Kf1 {[%clk
00:10:44] [%emt 00:00:03]} Nh2+ {[%clk 00:06:33] [%emt 00:00:30]} Ke1 {[%clk
00:10:39] [%emt 00:00:04]} Nf3+ {[%clk 00:06:29] [%emt 00:00:04]} Kf1 {[%clk
00:10:36] [%emt 00:00:03]} d2 {[%clk 00:04:55] [%emt 00:01:35]} Rd1 {[%clk
00:10:23] [%emt 00:00:13]} Rfe8 {[%clk 00:04:08] [%emt 00:00:47]} Nxb7 {[%clk
00:08:54] [%emt 00:01:30]} Re1+ {[%clk 00:04:04] [%emt 00:00:03]} Kg2 {[%clk
00:08:52] [%emt 00:00:03]} Rxg1+ {[%clk 00:03:55] [%emt 00:00:08]} Rxg1 {[%clk
00:08:49] [%emt 00:00:04]} Ne1+ {[%clk 00:03:18] [%emt 00:00:37]}

[Site "Europe Echecs"]

[Event "Tata Steel Challengers"]
[Date "2026.01.19"]
[White "Suleymanli, Aydin"]
[Black "Lu, Miaoyi"]
[WhiteElo "2628"]
[BlackElo "2431"]
[Round "4.4.1"]
[Result "1-0"]

d4 {[%clk 01:59:59] [%emt 18:14:58]} Nf6 {[%clk 01:59:55] [%emt 00:00:05]} c4
{[%clk 01:59:55] [%emt 00:00:04]} e6 {[%clk 01:59:51] [%emt 00:00:04]} Nc3
{[%clk 01:59:50] [%emt 00:00:05]} Bb4 {[%clk 01:59:14] [%emt 00:00:37]} e3
{[%clk 01:59:39] [%emt 00:00:11]} O-O {[%clk 01:59:08] [%emt 00:00:06]} Bd3
{[%clk 01:59:13] [%emt 00:00:25]} c5 {[%clk 01:58:48] [%emt 00:00:21]} Nge2
{[%clk 01:58:59] [%emt 00:00:14]} d5 {[%clk 01:58:30] [%emt 00:00:18]} cxd5
{[%clk 01:58:09] [%emt 00:00:50]} cxd4 {[%clk 01:58:22] [%emt 00:00:09]} exd4
{[%clk 01:58:03] [%emt 00:00:05]} Nxd5 {[%clk 01:51:03] [%emt 00:07:18]} O-O
{[%clk 01:57:52] [%emt 00:00:11]} Nc6 {[%clk 01:51:01] [%emt 00:00:03]} a3
{[%clk 01:57:35] [%emt 00:00:17]} Bd6 {[%clk 01:50:54] [%emt 00:00:07]} Re1
{[%clk 01:57:04] [%emt 00:00:31]} Qh4 {[%clk 01:45:39] [%emt 00:05:15]} g3
{[%clk 01:56:48] [%emt 00:00:15]} Qh5 {[%clk 01:40:36] [%emt 00:05:04]} Nxd5
{[%clk 01:48:37] [%emt 00:08:11]} exd5 {[%clk 01:39:14] [%emt 00:01:22]} Bf4
{[%clk 01:46:46] [%emt 00:01:50]} Rd8 {[%clk 01:37:49] [%emt 00:01:25]} Bxd6
{[%clk 01:18:54] [%emt 00:27:51]} Rxd6 {[%clk 01:37:45] [%emt 00:00:05]} Nf4
{[%clk 00:51:12] [%emt 00:27:42]} Qxd1 {[%clk 01:37:39] [%emt 00:00:06]} Raxd1
{[%clk 00:51:07] [%emt 00:00:05]} Bd7 {[%clk 01:33:00] [%emt 00:04:39]} f3
{[%clk 00:48:12] [%emt 00:02:55]} g5 {[%clk 01:22:45] [%emt 00:10:16]} Ng2
{[%clk 00:46:55] [%emt 00:01:16]} Re6 {[%clk 00:56:53] [%emt 00:25:52]} Rxe6
{[%clk 00:44:32] [%emt 00:02:23]} Bxe6 {[%clk 00:55:24] [%emt 00:01:29]} Kf2
{[%clk 00:42:43] [%emt 00:01:48]} Rc8 {[%clk 00:47:13] [%emt 00:08:11]} Ne3
{[%clk 00:41:37] [%emt 00:01:06]} Nxd4 {[%clk 00:45:00] [%emt 00:02:14]} Bb1
{[%clk 00:36:53] [%emt 00:04:44]} Nb3 {[%clk 00:43:50] [%emt 00:01:11]} Nxd5
{[%clk 00:36:13] [%emt 00:00:39]} Kg7 {[%clk 00:35:56] [%emt 00:07:54]} Ne3
{[%clk 00:30:07] [%emt 00:06:05]} Rc5 {[%clk 00:29:28] [%emt 00:06:28]} f4
{[%clk 00:28:23] [%emt 00:01:44]} gxf4 {[%clk 00:26:22] [%emt 00:03:07]} gxf4
{[%clk 00:28:17] [%emt 00:00:05]} Rc1 {[%clk 00:24:16] [%emt 00:02:06]} Rxc1
{[%clk 00:27:45] [%emt 00:00:33]} Nxc1 {[%clk 00:24:13] [%emt 00:00:03]} f5
{[%clk 00:24:32] [%emt 00:03:12]} Bd7 {[%clk 00:23:47] [%emt 00:00:27]} Ng4
{[%clk 00:16:54] [%emt 00:07:37]} f6 {[%clk 00:22:58] [%emt 00:00:51]} Bc2
{[%clk 00:11:58] [%emt 00:04:55]} h5 {[%clk 00:17:20] [%emt 00:05:38]} Ne3
{[%clk 00:11:46] [%emt 00:00:13]} Bb5 {[%clk 00:17:11] [%emt 00:00:10]} b4
{[%clk 00:07:36] [%emt 00:04:09]} Bd3 {[%clk 00:13:37] [%emt 00:03:33]} Bd1
{[%clk 00:05:16] [%emt 00:02:20]} Kh6 {[%clk 00:12:33] [%emt 00:01:05]} Bf3
{[%clk 00:04:39] [%emt 00:00:36]} b6 {[%clk 00:05:49] [%emt 00:06:45]} h4 {[%clk
00:04:36] [%emt 00:00:03]} Nb3 {[%clk 00:05:32] [%emt 00:00:17]} Kg3 {[%clk
00:02:56] [%emt 00:01:40]} Nd4 {[%clk 00:04:48] [%emt 00:00:44]} Kf4 {[%clk
00:02:51] [%emt 00:00:04]} b5 {[%clk 00:02:10] [%emt 00:02:39]} Bd1 {[%clk
00:02:06] [%emt 00:00:45]} Bb1 {[%clk 00:01:22] [%emt 00:00:48]} Nd5 {[%clk
00:32:11] [%emt 00:00:24]} Nxf5 {[%clk 00:30:42] [%emt 00:01:10]} Nc3 {[%clk
00:26:41] [%emt 00:06:00]} Bd3 {[%clk 00:30:11] [%emt 00:01:01]} Be2 {[%clk
00:22:29] [%emt 00:04:42]} Bc2 {[%clk 00:28:55] [%emt 00:01:46]} Nxb5 {[%clk
00:20:18] [%emt 00:02:41]} Nxh4 {[%clk 00:20:42] [%emt 00:08:44]} Nxa7 {[%clk
00:19:09] [%emt 00:01:39]} f5 {[%clk 00:14:03] [%emt 00:07:08]} b5 {[%clk
00:14:35] [%emt 00:05:04]} Be4 {[%clk 00:12:38] [%emt 00:01:55]} b6 {[%clk
00:12:35] [%emt 00:02:30]} Ng6+ {[%clk 00:12:32] [%emt 00:00:36]} Kg3 {[%clk
00:09:00] [%emt 00:04:05]} f4+ {[%clk 00:01:52] [%emt 00:11:09]} Kf2 {[%clk
00:09:22] [%emt 00:00:08]} Ne5 {[%clk 00:02:18] [%emt 00:00:04]} Nc8 {[%clk
00:07:58] [%emt 00:01:53]} Nd7 {[%clk 00:00:37] [%emt 00:02:12]} Bb5 {[%clk
00:04:04] [%emt 00:04:24]} Nb8 {[%clk 00:01:02] [%emt 00:00:04]} Nd6 {[%clk
00:03:30] [%emt 00:01:03]} Bc6 {[%clk 00:00:40] [%emt 00:00:53]} Bxc6 {[%clk
00:02:00] [%emt 00:02:00]} Nxc6 {[%clk 00:01:09] [%emt 00:00:01]} b7 {[%clk
00:02:17] [%emt 00:00:12]} Kg6 {[%clk 00:01:23] [%emt 00:00:15]} a4 {[%clk
00:02:28] [%emt 00:00:19]} Kf6 {[%clk 00:01:42] [%emt 00:00:11]} a5 {[%clk
00:02:26] [%emt 00:00:31]} Nb8 {[%clk 00:02:10] [%emt 00:00:02]} Ne4+ {[%clk
00:02:45] [%emt 00:00:11]} Ke7 {[%clk 00:01:36] [%emt 00:01:04]} Nc5 {[%clk
00:03:09] [%emt 00:00:06]}

[Site "Europe Echecs"]

[Event "Tata Steel Challengers"]
[Date "2026.01.31"]
[White "Panesar Vedant"]
[Black "Assaubayeva, Bibisara"]
[WhiteElo "2406"]
[BlackElo "2497"]
[Round "13.13.7"]
[Result "0-1"]

e4 {[%clk 01:59:57] [%emt 00:00:02]} c5 {[%clk 01:59:37] [%emt 00:00:24]} Nf3
{[%clk 01:59:52] [%emt 00:00:05]} d6 {[%clk 01:59:20] [%emt 00:00:17]} d4 {[%clk
01:59:47] [%emt 00:00:05]} cxd4 {[%clk 01:59:17] [%emt 00:00:04]} Nxd4 {[%clk
01:59:42] [%emt 00:00:04]} Nf6 {[%clk 01:59:08] [%emt 00:00:09]} Nc3 {[%clk
01:59:38] [%emt 00:00:04]} a6 {[%clk 01:59:02] [%emt 00:00:07]} Be3 {[%clk
01:59:34] [%emt 00:00:04]} e5 {[%clk 01:58:56] [%emt 00:00:06]} Nb3 {[%clk
01:59:30] [%emt 00:00:04]} Be6 {[%clk 01:58:51] [%emt 00:00:05]} f3 {[%clk
01:59:25] [%emt 00:00:04]} h5 {[%clk 01:58:44] [%emt 00:00:07]} Nd5 {[%clk
01:59:05] [%emt 00:00:20]} Nxd5 {[%clk 01:58:38] [%emt 00:00:07]} exd5 {[%clk
01:59:01] [%emt 00:00:04]} Bf5 {[%clk 01:58:31] [%emt 00:00:07]} Be2 {[%clk
01:57:24] [%emt 00:01:37]} Be7 {[%clk 01:58:17] [%emt 00:00:14]} Qd2 {[%clk
01:54:59] [%emt 00:02:24]} Bh4+ {[%clk 01:58:11] [%emt 00:00:07]} g3 {[%clk
01:54:56] [%emt 00:00:03]} Be7 {[%clk 01:58:05] [%emt 00:00:06]} O-O-O {[%clk
01:54:32] [%emt 00:00:25]} a5 {[%clk 01:58:01] [%emt 00:00:05]} Bd3 {[%clk
01:51:31] [%emt 00:03:00]} Bd7 {[%clk 01:57:55] [%emt 00:00:06]} Qe1 {[%clk
01:51:28] [%emt 00:00:03]} a4 {[%clk 01:44:20] [%emt 00:13:35]} Nd2 {[%clk
01:51:14] [%emt 00:00:14]} O-O {[%clk 01:35:20] [%emt 00:09:01]} f4 {[%clk
01:50:46] [%emt 00:00:28]} Bg4 {[%clk 01:24:48] [%emt 00:10:31]} Be2 {[%clk
01:44:18] [%emt 00:06:27]} Bf5 {[%clk 01:18:10] [%emt 00:06:39]} Nc4 {[%clk
01:31:39] [%emt 00:12:39]} Nd7 {[%clk 01:10:22] [%emt 00:07:48]} Qb4 {[%clk
01:27:54] [%emt 00:03:44]} exf4 {[%clk 01:02:52] [%emt 00:07:30]} Bxf4 {[%clk
01:21:12] [%emt 00:06:42]} Nc5 {[%clk 00:53:48] [%emt 00:09:05]} Bxh5 {[%clk
01:19:44] [%emt 00:01:27]} a3 {[%clk 00:52:48] [%emt 00:01:01]} b3 {[%clk
01:16:12] [%emt 00:03:31]} Bg5 {[%clk 00:51:19] [%emt 00:01:29]} Ne3 {[%clk
00:42:17] [%emt 00:33:55]} Be4 {[%clk 00:48:24] [%emt 00:02:56]} Rhf1 {[%clk
00:38:28] [%emt 00:03:47]} Rc8 {[%clk 00:35:31] [%emt 00:12:55]} Kb1 {[%clk
00:36:18] [%emt 00:02:10]} Qf6 {[%clk 00:27:40] [%emt 00:07:51]} Qd4 {[%clk
00:33:09] [%emt 00:03:09]} Qh6 {[%clk 00:25:46] [%emt 00:01:54]} Bg4 {[%clk
00:28:45] [%emt 00:04:25]} f5 {[%clk 00:24:36] [%emt 00:01:10]} Bxg5 {[%clk
00:27:41] [%emt 00:01:03]} Qxg5 {[%clk 00:24:34] [%emt 00:00:02]} Be2 {[%clk
00:26:15] [%emt 00:01:27]} Rfe8 {[%clk 00:23:10] [%emt 00:01:24]} Bb5 {[%clk
00:23:18] [%emt 00:02:56]} Nxb3 {[%clk 00:19:31] [%emt 00:03:39]} axb3 {[%clk
00:19:53] [%emt 00:03:25]} Qxe3 {[%clk 00:19:27] [%emt 00:00:03]} Bxe8 Rxe8 Qc4
{[%clk 00:10:59]} b5 {[%clk 00:12:18]} Qb4 {[%clk 00:10:54] [%emt 00:00:06]} Rc8
{[%clk 00:12:14] [%emt 00:00:04]} Rc1 {[%clk 00:06:15] [%emt 00:04:39]} Bxc2+
{[%clk 00:11:45] [%emt 00:00:29]} Rxc2 {[%clk 00:05:44] [%emt 00:00:31]} a2+
{[%clk 00:11:04] [%emt 00:00:40]} Rxa2 {[%clk 00:03:26] [%emt 00:02:19]} Qd3+
{[%clk 00:11:00] [%emt 00:00:05]} Kb2 {[%clk 00:33:30] [%emt 00:00:26]} Qe2+
{[%clk 00:41:25] [%emt 00:00:05]}